CHEMICAL WARFARE A STUDY IN RESTRAINTS (Record no. 584186)
[ view plain ]
| 000 -LEADER | |
|---|---|
| fixed length control field | 00265nam a22001097a 4500 |
| 082 ## - DEWEY DECIMAL CLASSIFICATION NUMBER | |
| Classification number | 355.02 BRO'C |
| 100 ## - MAIN ENTRY--PERSONAL NAME | |
| Personal name | BROWN, FREDERIC J |
| 9 (RLIN) | 79119 |
| 245 ## - TITLE STATEMENT | |
| Title | CHEMICAL WARFARE A STUDY IN RESTRAINTS |
| 260 ## - PUBLICATION, DISTRIBUTION, ETC. | |
| Place of publication, distribution, etc. | NEWJERSCY |
| Name of publisher, distributor, etc. | PRINCETON |
| Date of publication, distribution, etc. | 1968 |
| 300 ## - PHYSICAL DESCRIPTION | |
| Extent | 355P |
| 942 ## - ADDED ENTRY ELEMENTS (KOHA) | |
| Koha item type | Book |
| Withdrawn status | Lost status | Damaged status | Not for loan | Permanent Location | Current Location | Shelving location | Date acquired | Total Checkouts | Full call number | Barcode | Date last seen | Price effective from | Koha item type |
|---|---|---|---|---|---|---|---|---|---|---|---|---|---|
| College of Electrical & Mechanical Engineering (CEME) | College of Electrical & Mechanical Engineering (CEME) | General Stacks | 07/03/2017 | 355.02 BRO'C | CEME-7077 | 06/28/2021 | 06/28/2021 | Book |
